[Event "Wch U08 Girls"]
[White "Xin, Stella"]
[Black "Chen, Zhihan"]
[Site "Montesilvano"]
[Round "6"]
[Result "0-1"]
[Date "2024.11.20"]
[WhiteElo "1739"]
[BlackElo "1733"]
[PlyCount "224"]
[EventDate "2024.11.15"]
[EventType "swiss"]
[EventRounds "11"]
[EventCountry "ITA"]
[SourceTitle "CB48_2024"]
[SourceDate "2024.11.28"]
[SourceVersion "1"]
[SourceVersionDate "2024.11.28"]
[SourceQuality "1"]

1. d4 d5 2. c4 e6 3. Nc3 a6 4. cxd5 exd5 5. Nf3 Nf6 6. Bg5 Be6 7. Bxf6 Qxf6 8. Qb3 Ra7 9. a3 Qd8 10. e3 Be7 11. Bd3 0-0 12. 0-0 c6 13. Qc2 h6 14. Bh7+ Kh8 15. Bf5 Bxf5 16. Qxf5 Nd7 17. e4 dxe4 18. Nxe4 Nf6 19. Ng3 Ra8 20. Rfe1 Re8 21. Qh3 Qd7 22. Nf5 Bf8 23. Ne5 Qd5 24. Qh4 Nd7 25. Ne3 Qe6 26. f4 Nxe5 27. dxe5 Rad8 28. Ng4 Rd2 29. b4 Red8 30. Nf2 R8d4 31. Ne4 R2d3 32. Qf2 Qf5 33. Ng3 Qxf4 34. Qxf4 Rxf4 35. e6 fxe6 36. Rxe6 a5 37. bxa5 Rxa3 38. Rxa3 Bxa3 39. h3 Rf6 40. Re8+ Rf8 41. Re4 Ra8 42. Ra4 Bc5+ 43. Kh2 Bd6 44. h4 Bc7 45. Rb4 Ra7 46. a6 bxa6 47. Rc4 a5 48. Rxc6 a4 49. Rc2 a3 50. Ra2 Bd6 51. Kh3 Bxg3 52. Kxg3 Ra4 53. h5 Kg8 54. Kf3 Kf7 55. Ke2 Kf6 56. Kf3 Kf5 57. Kf2 Ke4 58. Ke2 Kf4 59. Kf2 Kg4 60. g3 Kxh5 61. Kf3 Kg5 62. Kf2 Kg4 63. Kg2 g5 64. Kf2 Kh3 65. Kf3 g4+ 66. Kf2 Kh2 67. Re2 Rb4 68. Re5 Rb2+ 69. Ke3 a2 70. Ra5 Kxg3 71. Ke4 h5 72. Ra3+ Kg2 73. Kf4 Rf2+ 74. Kg5 g3 75. Kh4 Rf3 76. Rxa2+ Rf2 77. Ra3 Rf4+ 78. Kxh5 Kh2 79. Kg5 Rd4 80. Kf5 g2 81. Ra2 Kh1 82. Ra1+ g1Q 83. Rxg1+ Kxg1 84. Ke5 Rd1 85. Ke4 Re1+ 86. Kd5 Kf2 87. Kd6 Kf3 88. Kd5 Kf4 89. Kd6 Kf5 90. Kd7 Kf6 91. Kd8 Kf7 92. Kd7 Rd1+ 93. Kc6 Ke7 94. Kc5 Ke6 95. Kc4 Ke5 96. Kc3 Ke4 97. Kc2 Rd3 98. Kc1 Rh3 99. Kd2 Rg3 100. Kc2 Kd4 101. Kb2 Kc4 102. Ka2 Kb4 103. Kb2 Rg2+ 104. Kc1 Kb3 105. Kd1 Kc3 106. Ke1 Kd3 107. Kf1 Ra2 108. Ke1 Rb2 109. Kf1 Ke3 110. Kg1 Kf3 111. Kh1 Kg3 112. Kg1 Rb1# 0-1

[Event "Wch U08 Girls"]
[White "Chen, Zhihan"]
[Black "Guo, Anne Xuduo"]
[Site "Montesilvano"]
[Round "4"]
[Result "1-0"]
[Date "2024.11.18"]
[WhiteElo "1733"]
[BlackElo "1524"]
[PlyCount "75"]
[EventDate "2024.11.15"]
[EventType "swiss"]
[EventRounds "11"]
[EventCountry "ITA"]
[SourceTitle "CB48_2024"]
[SourceDate "2024.11.28"]
[SourceVersion "1"]
[SourceVersionDate "2024.11.28"]
[SourceQuality "1"]

1. d4 d5 2. c4 Nc6 3. Nf3 Bg4 4. e3 e6 5. Nc3 Nf6 6. Be2 Bb4 7. 0-0 0-0 8. a3 Bxc3 9. bxc3 Ne4 10. Qc2 Bf5 11. Bd3 Nd6 12. Bxf5 Nxf5 13. cxd5 Nce7 14. dxe6 fxe6 15. e4 Nd6 16. Ng5 Qd7 17. Qa2 Kh8 18. Nxe6 Rf6 19. Ng5 Rg6 20. f3 Rf8 21. d5 c6 22. c4 cxd5 23. cxd5 Qa4 24. Rf2 Rc8 25. Ne6 Nb5 26. Bb2 Kg8 27. Be5 Kh8 28. Rd2 Qa5 29. Kh1 Nc3 30. Qb2 Rxe6 31. Bxc3 Rxc3 32. dxe6 Qc7 33. Rd7 Qc5 34. Rxe7 Qxe7 35. Qxc3 Qxe6 36. Rc1 h6 37. Qc8+ Qxc8 38. Rxc8+ 1-0